000 01452cam a2200433Ia 4500
001 60785
005 20230410120947.0
008 971204s2006 sp b 000 0 spa d
035 _a(OCoLC)ocn434100176
040 _aBNM
_erdc
_bspa
_cBNM
020 _a8472094286
020 _a9788472094284
035 _a(OCoLC)434100176
041 1 _aspa
_heng
050 1 4 _aJC 585
_bH417d 2006
100 1 _aHayek, Friedrich A. von
_q(Friedrich August),
_d1899-1992.
245 1 0 _aDerecho, legislación y libertad :
_buna nueva formulación de los principios liberales de la justicia y de la economía política /
_cF.A. Hayek ; tr. por Luis Reig Albiol.
260 _aMadrid :
_bUnión Editorial,
_c2006
300 _a556p. 3 v. ;
_c19, 23 cm.
490 1 _aClasicos de la libertad
550 _aTraducción de : Law, legislation and liberty.
504 _aIncluye referencias bibliograficas e indices.
650 0 _aDemocracy.
650 0 _aEconomic policy.
650 0 _aRule of law.
650 0 _aLegislation.
650 0 _aSocial justice.
650 4 _aDemocracia.
650 4 _aPolitica economica.
650 4 _aImperio del derecho.
650 4 _aLegislacion.
650 4 _aJusticia social.
650 7 _aDemocracia.
_2embne
830 0 _aClasicos de la libertad.
856 4 2 _3Mas?... busque en WorldCat (solo desde FUNGLODE)
_uwww.firstsearch.oclc.org/fsip
942 _2lcc
_cbk
946 _amfcruz
994 _aC0
_bDRFGD
999 _c55208
_d55208